Statystyki dla Piłkarze nożni

Kliknij tutaj aby rozwiązać quiz!

Ogólne statystyki

  • Ten quiz został rozwiązany 459 razy
  • Średni wynik to 16 z 20

Statystyki odpowiedzi

Odpowiedź% Poprawnych
Cristiano Ronaldo
100%
Lionel Messi
95%
Paul Pogba
88%
Neymar
87%
Luis Suarez
85%
Luka Modrić
85%
Mesut Ozil
83%
Franck Ribery
82%
Karim Benzema
82%
Eden Hazard
81%
Sergio Ramos
80%
Andres Iniesta
79%
Gareth Bale
79%
Manuel Neuer
79%
Ivan Rakitić
75%
Arjen Robben
72%
Petr Cech
69%
Diego Costa
67%
Laurent Koscielny
60%
Miroslav Klose
59%

Rozkład punktacji

Percentyl według liczby udzielonych odpowiedzi

Procent ludzi z każdym wynikiem

Twoja historia wyników

Nie rozwiązałeś tego quizu